Statistics for Top 20 Biggest Swiss Cities

Click here to take the quiz!

General Stats

  • This quiz has been taken 847 times
  • The average score is 12 of 20

Answer Stats

#CantonPopulationCity% Correct
1ZH372.047Zurich
100%
2GE198.407Geneva
99%
5BN128.848Bern
97%
3BS166.173Basel
93%
7LU77.491Luzern
86%
4VD133.521Lausanne
85%
9TI55.060Lugano
77%
8SG72.959St. Gallen
76%
18NE33.641Neuchâtel
65%
6ZH101.203Winterthur
63%
14FR38.288Fribourg
62%
19GR33.756Chur
56%
17VS32.797Sion
55%
10BE53.031Biel
53%
16SH34.943Schaffhausen
52%
11BE42.929Thun
52%
13NE38.694La Chaux-de-Fonds
23%
12BE39.794Köniz
19%
20ZH32.285Uster
19%
15GE35.211Vernier
9%

Score Distribution

Percentile by Number Answered

Percent of People with Each Score

Your Score History

You have not taken this quiz